000 02183nam a2200577 i 4500
001 15314
003 KOSZ 005
005 20200624115639.0
008 200409s1973 pl a f 000 0 pol
015 _aUWD 1973/4773
035 _a991033478619705066
035 _a(PL-WaBN)b18964862-48omnis_nlop
035 _ab18964862
035 _a(OCoLC)803517942
035 _a(PL)b0000001896486
035 _a(EXLNZ-48OMNIS_NETWORK)9910137546205606
040 _aWA N
_cWA N
_dKOSZ 005/RW
041 0 _apol
_beng
_brus
046 _k1973
080 _a692.2
080 _a692.5
080 _a536.2
100 1 _aPogorzelski, Jerzy
_d(1910-2017)
_eAutor
245 1 0 _aGłówne problemy niestacjonarnego przewodzenia ciepła w przegrodach budowlanych /
_cJerzy Andrzej Pogorzelski.
260 _aWrocław :
_bWydawnictwo Politechniki Wrocławskiej,
_c1973.
300 _a176, [2] stron :
_bilustracje ;
_c24 cm.
336 _aTekst
_btxt
_2rdacontent
337 _aBez urządzenia pośredniczącego
_bn
_2rdamedia
338 _aWolumin
_bnc
_2rdacarrier
380 _aKsiążki
380 _aPublikacje naukowe
388 _a1901-2000
388 _a1945-1989
490 1 _aPrace Naukowe Instytutu Budownictwa Politechniki Wrocławskiej ;
_vnr 9
490 1 _aPrace Naukowe Instytutu Budownictwa Politechniki Wrocławskiej. Monografie,
_x0324-9875 ;
_vnr 3
500 _aW serii głównej nr 9.
504 _aBibliografia na stronach 164-174.
546 _aStreszczenie w języku angielskim i rosyjskim.
650 7 _aBudownictwo
_2DBN
650 7 _aPodłoga
650 7 _aŚciany
_2DBN
650 7 _aPrzewodnictwo cieplne
655 7 _aMonografia
658 _aArchitektura i budownictwo
710 2 _aOficyna Wydawnicza Politechniki Wrocławskiej
_4pbl
830 0 _aPrace Naukowe Instytutu Budownictwa Politechniki Wrocławskiej
_v9
830 0 _aPrace Naukowe Instytutu Budownictwa Politechniki Wrocławskiej.
_pMonografie
_v3
856 _uhttp://koha.tu.koszalin.pl/cgi-bin/koha/opac-detail.pl?biblionumber=15314
_yKatalog online BPK
942 _2UKD
_cKS
999 _c15314
_d15314